| Registos Bibliográficos associados ao registo de autoridade |
|
Etiqueta de registo: 00254nam 2200025 450 001 2211393 003 http://id.bnportugal.gov.pt/bib/catbnp/2211393 010 ## $a978-989-20-0993-3 021 ## $aPT$b269662/08 100 ## $a20250414d2008 k y0pory01030103ba 101 0# $apor 102 ## $aPT 105 ## $aa z 000yy 106 ## $ar 200 1# $aActas do Congresso Internacional dos 75 anos de A Selva$ftranscrição de comunicações Carlos Castro, Célia Alexandra Martins Costa, Nuno Correia
Almeida$grev. de textos e trad. Ivone Bastos Ferreira$gsel. de fot. Carlos Castro 210 #9 $aOssela$cCentro de Estudos Ferreira de Castro,$dD.L. 2008 215 ## $a504 p.$cil.$d25 cm 317 ## $aBiblioteca Matilde Rosa Araújo$5PTBN: L. 181991 V. 675 ## $a821.134.3-31Castro, Ferreira de.09(042)$vBN$zpor$31181463 702 #1 $aFerreira,$bIvone Bastos$4730$31952113 702 #1 $aAlmeida,$bNuno Correia$4205$31952112 702 #1 $aCosta,$bCélia Alexandra Martins$4205$31952111 702 #1 $95$aCastro,$bCarlos$4205$31952109 710 12 $aCongresso Internacional dos 75 anos de A Selva,$eOliveira de Azeméis,$f2005$31952107 801 #0 $aPT$bBN$gRPC 966 ## $lBN$mFGMON$pBiblioteca Matilde Rosa Araújo$sL. 181991 V.$x3 971 ## $cssilva$d20250414 972 ## $e0$z0$d20260609$vlrevez 973 ## $cigoulao$d20260529
|
|
|